| 000 | 01169cad a22002415a 4500 | ||
|---|---|---|---|
| 001 | L145975 | ||
| 008 | 081127s2008 xxkd f s 000 0 eng d | ||
| 035 | _a(Sirsi) u145975 | ||
| 041 | 0 | _aeng | |
| 050 | 0 | 4 | _a333.337 $2 18 |
| 110 | 2 |
_aKing Sturge _93877 |
|
| 245 | 0 | 0 |
_aEuropean retail property _h[electronic resource] |
| 260 |
_a[S.l.] _bKing Sturge _c2008 |
||
| 490 | 0 |
_aKing Sturge European Retail Property _v2009 |
|
| 520 | _aReports that 70% of all retail sales in Europe come from only five countries (France, Germany, Italy, Spain and the UK) and that these economies are likely to be in or near recession in 2009. However, despite the precarious nature of the retail sector and declining total returns, the report urges cautious optimism. Concludes that it is now a tenants' market. | ||
| 590 | _aKA | ||
| 650 | 2 | 4 | _aKING STURGE EUROPEAN RETAIL PROPERTY |
| 651 | 4 | _aEurope | |
| 690 | _aPROPERTY-COMMERCIAL PROPERTY-COMMERCIAL PROPERTY MARKET | ||
| 690 | _aPROPERTY-COMMERCIAL PROPERTY-RETAIL PROPERTY | ||
| 856 | 4 | 0 |
_uhttps://www.kingsturge.com/ _zView the research report free of charge (registration required) at www.kingsturge.com... |
| 942 | _n0 | ||
| 999 |
_c108997 _d108997 |
||